| 000 | 01506nam0a2200337 i 4500 | ||
|---|---|---|---|
| 001 | RU\NLR\BIBL_A\010923508 | ||
| 005 | 20240725032623.0 | ||
| 010 |
_a9785990630260 _91000 |
||
| 021 |
_aRU _b2015-92042 _95673 |
||
| 035 | _a(NLR Aleph) 010923508 | ||
| 090 |
_a10688286 _c10688286 |
||
| 100 | _a20151210d2015 um y0rusy50 ca | ||
| 101 | 0 | _arus | |
| 102 | _aRU | ||
| 105 | _aac||z|||000gy | ||
| 200 | 1 |
_aНастоящие _e[поэзия _aантология _fсост.: М.О. Кулакова] |
|
| 210 |
_aНижний Новгород _cБегемотНН _d2015 |
||
| 215 |
_a303 с. _cил., портр. _d21 |
||
| 225 | 1 | _aСерия "Нижегородское собрание сочинений" | |
| 225 | 1 | _aСобрание сочинений | |
| 327 | 0 | _aНа тит. л. и обл. содерж. авт.: Владимир Безденежных, Софья Грехова, Вадим Демидов, Андрей Дмитриев, Александр Казанский, Елена Крюкова, Марина Кулакова, Дмитрий Ларионов, Денис Липатов, Юрий Немцов [и др.] | |
| 333 | _a16+ | ||
| 686 | 2 | _aШ6(2=Р)8-5 | |
| 686 | 2 | _aШ6(2=Р)8-999 | |
| 702 | 1 |
_aКулакова _bМ.О. _f1962- _gМарина Олеговна _4220 |
|
| 942 | _cBOOK | ||
| 980 | _aNBR | ||